Fr. Conceicao Rodrigues College of Engineering

Basic Workshop Calculation & Science Radio (Record no. 27334)

MARC details
000 -LEADER
fixed length control field 00283nam a2200121Ia 4500
100 ## - MAIN ENTRY--PERSONAL NAME
Personal name Kumar/Dev/ Narang
245 ## - TITLE STATEMENT
Title Basic Workshop Calculation & Science Radio
260 ## - PUBLICATION, DISTRIBUTION, ETC.
Name of publisher, distributor, etc. New Heights
Place of publication, distribution, etc. New Delhi
300 ## - PHYSICAL DESCRIPTION
Extent 416
546 ## - LANGUAGE NOTE
Language note HINDI
654 ## - SUBJECT ADDED ENTRY--FACETED TOPICAL TERMS
Focus term workshop RADIO
942 ## - ADDED ENTRY ELEMENTS (KOHA)
Koha item type BOOK
Holdings
Withdrawn status Lost status Damaged status Not for loan Collection Home library Current library Date acquired Total Checkouts Full call number Barcode Date last seen Price effective from Koha item type
        ITI Fr. Agnel's C.Rodrigues College of Engineering Fr. Agnel's C.Rodrigues College of Engineering 17/03/2023   ITI198 17/03/2023 17/03/2023 BOOK